[Event "CHI-ch U20"]
[Site "Quirihue"]
[Date "2022.01.20"]
[Round "6"]
[White "Palma Munoz, Oscar"]
[Black "Barnachea Bello, Martin Ignacio"]
[Result "1-0"]
[WhiteElo "1587"]
[BlackElo "1256"]
[PlyCount "49"]
[EventDate "2022.01.17"]
[EventType "swiss"]
[EventRounds "9"]
[EventCountry "CHI"]
[SourceTitle "CBM 206 Extra"]
[Source "ChessBase"]
[SourceDate "2022.03.31"]
[SourceVersion "1"]
[SourceVersionDate "2022.03.31"]
[SourceQuality "1"]

1. d4 Nf6 2. c4 g6 3. Nc3 Bg7 4. e4 d6 5. Nf3 0-0 6. Be2 Nbd7 7. 0-0 e5 8. Bg5 h6 9. Bh4 g5 10. Bg3 Nh5 11. Re1 Nxg3 12. fxg3 f5 13. exf5 Rxf5 14. Bd3 Rf8 15. Nd5 c6 16. Ne3 exd4 17. Nf5 Qf6 18. Ne7+ Kh8 19. Ng6+ Kg8 20. Nxf8 Qxf8 21. b4 Ne5 22. Rf1 Qd8 23. Nxe5 dxe5 24. Qh5 Qd6 25. Qf7+ 1-0